|
|
|
|
| LEADER |
01107nam a2200289 i 4500 |
| 001 |
c000252042 |
| 003 |
CARM |
| 005 |
00000000000000.0 |
| 008 |
840411s1977 xx 0 eng d |
| 019 |
1 |
|
|a 1164538
|5 LACONCORD2021
|
| 020 |
|
|
|a 2700600746
|
| 035 |
|
|
|a (OCoLC)3417629
|5 LACONCORD2021
|
| 082 |
0 |
4 |
|a 301.4410944
|
| 100 |
1 |
|
|a Lacave, Michel.
|
| 245 |
1 |
0 |
|a Bourgeois et marchands en Provence et en Languedoc /
|c Michel et Mireille Lacave.
|
| 260 |
|
|
|a Avignon :
|b Aubanel ,
|c c1977.
|
| 300 |
|
|
|a 300 p. :
|b [4] leaves of plates. ill.
|
| 440 |
|
0 |
|a Histoire du Sud
|
| 500 |
|
|
|a Bibliography: p.291-296.
|
| 650 |
|
0 |
|a Middle class
|z France
|z Languedoc
|x History.
|
| 650 |
|
0 |
|a Middle class
|z France
|z Provence
|x History.
|
| 650 |
|
0 |
|a Businessmen
|z France
|z Languedoc
|x History.
|
| 650 |
|
0 |
|a Businessmen
|z France
|z Provence
|x History.
|
| 700 |
1 |
|
|a Lacave, Mireille.
|
| 852 |
8 |
|
|b CARM
|h A2:AQ22A0
|i B07629
|p 0324921
|f BK
|
| 999 |
f |
f |
|i 7d3a7f08-1343-5ea2-b7ea-99669dd77695
|s 178bd80d-5524-52ba-ad1b-28dab9f0c85b
|
| 952 |
f |
f |
|p Can circulate
|a CAVAL
|b CAVAL
|c CAVAL
|d CARM 1 Store
|e B07629
|f A2:AQ22A0
|h Other scheme
|i book
|m 0324921
|